00723 2200229 4500001002100000005001700021008004100038035002400079082001200103090002100115245011600136260002800252300003300280500006300313500002700376650003900403700001200442850000900454985000600463986000900469999001500478YOGYA-0209000007245620090227093627.0 ind  0010-020900000072456 a378.178 a378.178bLaplSK aLAPORAN praktek kerja lapangan di kantor perpustakaan Daerah Daerah Istimewa Yogyakartacoleh Fatimah...[et.al] aYogyakartab[s.n]c1998 avii,59[25]lembarbilusc30cm aLaporan praktek Akademi Administrasi Notokusumo Yogyakarta aBibiografi:lembar [60] aKerja lapangan (Metode Pendidikan) aFatimah aBPAD a1 aheru a08A0036508